Original NES Black Box Games Quiz - Statistics

General Stats
  • This quiz has been taken 150 times
    149 since last reset
  • The average score is 24 of 33
Answer Stats
Series Answer % Correct
Arcade Mario Bros.
100%
Action Super Mario Bros.
100%
Light Gun Duck Hunt
96%
Sports Baseball
91%
Arcade Donkey Kong
91%
Robot Gyromite
89%
Sports 10 Yard Fight
87%
Arcade Donkey Kong Jr.
82%
Sports Soccer
82%
Light Gun Hogan's Alley
80%
Education Donkey Kong Jr. Math
78%
Sports Tennis
78%
Arcade Donkey Kong 3
76%
Programmable Excitebike
76%
Sports Golf
73%
Adventure Kid Icarus
73%
Adventure Metroid
71%
Sports Volleyball
71%
Action Kung Fu
69%
Robot Stack-Up
69%
Light Gun Wild Gunman
69%
Action Balloon Fight
60%
Action Clu Clu Land
60%
Light Gun Gumshoe
60%
Action Ice Climber
60%
Programmable Wrecking Crew
60%
Sports Pro Wrestling
58%
Sports Rad Racer
56%
Action Urban Champion
56%
Arcade Popeye
53%
Sports Slalom
53%
Programmable Mach Rider
51%
Action Pinball
51%
No matching quizzes found
Score Distribution
Percent of People with Each Score
Percentile by Number Answered
Your Score History
You have not taken this quiz since the last reset